[Event "POL-chT 57th"]
[Site "Glogow"]
[Date "2001.09.10"]
[Round "3"]
[White "Szelag, Marcin"]
[Black "Lobejko, Rafal"]
[Result "1/2-1/2"]
[WhiteElo "2404"]
[BlackElo "2353"]
[PlyCount "50"]
[EventDate "2001.09.08"]
[EventType "team-tourn"]
[EventRounds "9"]
[EventCountry "POL"]
[SourceTitle "EXT 2019"]
[Source "ChessBase"]
[SourceDate "2018.10.10"]
[SourceVersion "1"]
[SourceVersionDate "2018.10.10"]
[SourceQuality "1"]
[WhiteTeam "Poznan Pocztowiec"]
[BlackTeam "Lublin UMCS"]
[WhiteTeamCountry "POL"]
[BlackTeamCountry "POL"]

1. e4 d6 2. d4 Nf6 3. Nc3 c6 4. f4 Qa5 5. Bd3 e5 6. dxe5 dxe5 7. Nf3 Bg4 8. fxe5 Nfd7 9. e6 Bxe6 10. Ng5 Qe5 11. Qf3 Bd6 12. Ne2 0-0 13. Bf4 Qa5+ 14. Bd2 Bb4 15. Bxb4 Qxb4+ 16. c3 Qe7 17. Qg3 Nc5 18. Nxe6 Qxe6 19. Nf4 Nxd3+ 20. Qxd3 Qe5 21. 0-0 Na6 22. b4 Nc7 23. Rad1 Rfe8 24. a4 a5 25. Qc4 Re7 1/2-1/2

[Event "Kochan Memorial op"]
[Site "Koszalin"]
[Date "2001.08.12"]
[Round "8"]
[White "Sharapov, Evgeny"]
[Black "Lobejko, Rafal"]
[Result "1/2-1/2"]
[WhiteElo "2403"]
[BlackElo "2353"]
[PlyCount "81"]
[EventDate "2001.08.03"]
[EventType "swiss"]
[EventRounds "10"]
[EventCountry "POL"]
[SourceTitle "EXT 2002"]
[Source "ChessBase"]
[SourceDate "2001.11.25"]
[SourceVersion "1"]
[SourceVersionDate "2001.11.25"]
[SourceQuality "1"]

1. e4 d6 2. d4 Nf6 3. Nc3 g6 4. f4 Bg7 5. Nf3 0-0 6. Bd3 Nbd7 7. e5 Ne8 8. Ne4 c5 9. c3 cxd4 10. cxd4 Qb6 11. a4 dxe5 12. a5 Qd8 13. fxe5 Nb8 14. Be3 Nc6 15. Qd2 Bg4 16. Bc4 Rc8 17. Bb3 b6 18. axb6 Qxb6 19. Nc5 Nc7 20. 0-0 Rcd8 21. Qf2 Bxf3 22. gxf3 Nd5 23. Ra6 Qc7 24. Bxd5 Rxd5 25. Ne6 Qb7 26. Rxc6 Qxc6 27. Nxf8 Bxf8 28. Rc1 Qb7 29. Qc2 Rd8 30. Kg2 Rb8 31. Kg3 h5 32. h4 e6 33. Qc7 Qxc7 34. Rxc7 a5 35. Ra7 Bb4 36. Kf4 Kf8 37. Ke4 Be7 38. Bh6+ Ke8 39. Bg5 Bxg5 40. hxg5 Rxb2 41. Rxa5 1/2-1/2

[Event "Kochan Memorial op"]
[Site "Koszalin"]
[Date "2001.08.06"]
[Round "3"]
[White "Lobejko, Rafal"]
[Black "Liwak, Przemyslaw"]
[Result "1/2-1/2"]
[WhiteElo "2353"]
[BlackElo "2298"]
[PlyCount "62"]
[EventDate "2001.08.03"]
[EventType "swiss"]
[EventRounds "10"]
[EventCountry "POL"]
[SourceTitle "EXT 2002"]
[Source "ChessBase"]
[SourceDate "2001.11.25"]
[SourceVersion "1"]
[SourceVersionDate "2001.11.25"]
[SourceQuality "1"]

1. Nf3 Nf6 2. g3 b5 3. Bg2 Bb7 4. 0-0 e6 5. d3 d5 6. b3 Be7 7. Bb2 Nbd7 8. Nbd2 0-0 9. Re1 c5 10. e4 Nb6 11. exd5 exd5 12. Ne5 Qc7 13. c4 bxc4 14. dxc4 d4 15. Bxb7 Qxb7 16. Qf3 Qxf3 17. Ndxf3 Bd6 18. Nd3 Rac8 19. Ba3 Rfd8 20. Bc1 Nbd7 21. Kf1 Re8 22. Rxe8+ Rxe8 23. Ba3 Bf8 24. Re1 Rb8 25. Nfe5 g6 26. Nc6 Rb7 27. Nde5 Nxe5 28. Nxe5 Bd6 29. Nd3 Rc7 30. Bc1 Kg7 31. Bg5 Rc6 1/2-1/2

[Event "Kazimierz Dolny op"]
[Site "Kazimierz Dolny"]
[Date "2001.03.17"]
[Round "8"]
[White "Stoma, Pawel"]
[Black "Lobejko, Rafal"]
[Result "1-0"]
[WhiteElo "2209"]
[BlackElo "2384"]
[PlyCount "83"]
[EventDate "2001.03.10"]
[EventType "swiss"]
[EventRounds "9"]
[EventCountry "POL"]
[SourceTitle "CBM 081 Extra"]
[Source "ChessBase"]
[SourceDate "2001.05.06"]
[SourceVersion "1"]
[SourceVersionDate "2001.05.06"]
[SourceQuality "1"]

1. e4 c6 2. d4 d5 3. e5 Bf5 4. Ne2 e6 5. Ng3 Bg6 6. f4 h5 7. Bd3 Bxd3 8. Qxd3 g6 9. Nd2 Nh6 10. Nf3 Na6 11. Bd2 Qb6 12. Qb3 Be7 13. 0-0 c5 14. Qa4+ Qc6 15. Qxc6+ bxc6 16. c4 Kd7 17. Rfd1 Rhb8 18. b3 h4 19. Ne2 Nf5 20. Be1 Nb4 21. Bf2 Nc2 22. Rac1 Ncxd4 23. Nexd4 Nxd4 24. Nxd4 cxd4 25. Rxd4 a5 26. Kf1 f5 27. Rd3 a4 28. cxd5 cxd5 29. Rh3 axb3 30. Rxb3 Rxb3 31. axb3 g5 32. Bb6 Rc8 33. Rxc8 Kxc8 34. fxg5 Bxg5 35. Bd4 Bf4 36. h3 Kc7 37. Ke2 Kc6 38. Bf2 Kb5 39. Bxh4 Kb4 40. Bf6 Kc3 41. Kd1 Bh6 42. g4 1-0

[Event "POL-chT 56th"]
[Site "Zakopane"]
[Date "2000.09.08"]
[Round "6"]
[White "Lobejko, Rafal"]
[Black "Skalik, Przemyslaw"]
[Result "1/2-1/2"]
[WhiteElo "2383"]
[BlackElo "2420"]
[PlyCount "25"]
[EventDate "2000.09.02"]
[EventType "team-tourn"]
[EventRounds "11"]
[EventCountry "POL"]
[SourceTitle "EXT 2019"]
[Source "ChessBase"]
[SourceDate "2018.10.10"]
[SourceVersion "1"]
[SourceVersionDate "2018.10.10"]
[SourceQuality "1"]
[WhiteTeam "Lublin UMCS"]
[BlackTeam "Kozuchow Odrodzenie"]
[WhiteTeamCountry "POL"]
[BlackTeamCountry "POL"]

1. Nf3 d5 2. c4 e6 3. b3 Nf6 4. g3 Be7 5. Bg2 0-0 6. 0-0 c5 7. cxd5 Nxd5 8. Bb2 Nc6 9. Nc3 Bf6 10. Qc1 Nxc3 11. Bxc3 e5 12. d3 Nd4 13. Nxd4 1/2-1/2

[Event "POL-chT 56th"]
[Site "Zakopane"]
[Date "2000.09.02"]
[Round "1"]
[White "Lobejko, Rafal"]
[Black "Rozentalis, Eduardas"]
[Result "0-1"]
[WhiteElo "2383"]
[BlackElo "2570"]
[PlyCount "81"]
[EventDate "2000.09.02"]
[EventType "team-tourn"]
[EventRounds "11"]
[EventCountry "POL"]
[SourceTitle "EXT 2019"]
[Source "ChessBase"]
[SourceDate "2018.10.10"]
[SourceVersion "1"]
[SourceVersionDate "2018.10.10"]
[SourceQuality "1"]
[WhiteTeam "Lublin UMCS"]
[BlackTeam "Warszawa Polonia"]
[WhiteTeamCountry "POL"]
[BlackTeamCountry "POL"]

1. Nf3 Nf6 2. g3 b6 3. Bg2 Bb7 4. 0-0 e6 5. c4 c5 6. b3 Be7 7. Bb2 0-0 8. Nc3 d6 9. d4 cxd4 10. Qxd4 Nc6 11. Qd2 a6 12. Ng5 Ne8 13. h4 h6 14. Nh3 Qb8 15. Nf4 Ne5 16. a4 Bxg2 17. Kxg2 Qb7+ 18. f3 Nf6 19. e4 Rfd8 20. Rfd1 Nfd7 21. Rab1 Nc5 22. Ba3 Rac8 23. Qe3 Bf8 24. Nfe2 g6 25. Bc1 Bg7 26. Qg1 b5 27. cxb5 axb5 28. axb5 d5 29. exd5 exd5 30. Nd4 Ne6 31. Nce2 Nc7 32. Bf4 Nxb5 33. Qe3 Re8 34. Nxb5 Qxb5 35. Nd4 Qd7 36. Qd2 Nc6 37. Nxc6 Rxc6 38. Re1 Rxe1 39. Qxe1 Rc2+ 40. Bd2 Qf5 41. Rd1 0-1

[Event "Rudnik op 11th"]
[Site "Rudnik"]
[Date "2000.07.08"]
[Round "10"]
[White "Lobejko, Rafal"]
[Black "Probola, Ryszard"]
[Result "1-0"]
[WhiteElo "2389"]
[BlackElo "2205"]
[PlyCount "50"]
[EventDate "2000.06.28"]
[EventType "tourn"]
[EventRounds "10"]
[EventCountry "POL"]
[SourceTitle "EXT 2005"]
[Source "ChessBase"]
[SourceDate "2004.11.15"]
[SourceVersion "1"]
[SourceVersionDate "2004.11.15"]
[SourceQuality "1"]

1. Nf3 e6 2. g3 b6 3. Bg2 Bb7 4. 0-0 f5 5. d3 Nf6 6. Nbd2 Be7 7. e4 fxe4 8. Ng5 0-0 9. Ndxe4 Nxe4 10. Nxe4 Nc6 11. f4 Qe8 12. Qg4 Nd4 13. c3 Nf5 14. Bd2 Nh6 15. Qe2 Qg6 16. Rae1 Rae8 17. d4 c5 18. dxc5 bxc5 19. Nf6+ Bxf6 20. Bxb7 Rb8 21. Be4 Qf7 22. Bc1 g6 23. f5 Qg7 24. fxe6 dxe6 25. Qc4 Rfe8 1-0

[Event "Rudnik op 11th"]
[Site "Rudnik"]
[Date "2000.07.07"]
[Round "9"]
[White "Mikrut, Dariusz"]
[Black "Lobejko, Rafal"]
[Result "0-1"]
[WhiteElo "2312"]
[BlackElo "2389"]
[PlyCount "58"]
[EventDate "2000.06.28"]
[EventType "tourn"]
[EventRounds "10"]
[EventCountry "POL"]
[SourceTitle "EXT 2005"]
[Source "ChessBase"]
[SourceDate "2004.11.15"]
[SourceVersion "1"]
[SourceVersionDate "2004.11.15"]
[SourceQuality "1"]

1. d4 d6 2. e4 Nf6 3. Nc3 g6 4. f3 Bg7 5. Be3 0-0 6. Qd2 e5 7. Nge2 exd4 8. Nxd4 d5 9. e5 Nfd7 10. Bg5 Qe8 11. 0-0-0 Qxe5 12. Ncb5 a6 13. Bf4 axb5 14. Bxe5 Nxe5 15. Nxb5 Rxa2 16. Kb1 Rxb2+ 17. Kxb2 Nc4+ 18. Ka2 Nxd2 19. Rxd2 Na6 20. Na7 Be6 21. Bxa6 Ra8 22. Bd3 Bc3 23. Re2 d4+ 24. Rxe6 fxe6 25. Kb3 Rxa7 26. h4 Ra5 27. h5 Rxh5 28. Rxh5 gxh5 29. Be4 b5 0-1